000 00555nam a22001577a 4500
005 20150504100958.0
008 150504b xxu||||| |||| 00| 0 eng d
020 _a9780511975837
100 _aChalla, Subhash...[et al.]
245 _aFundamentals of Object Tracking
260 _bCambridge University Press
_c2011
500 _aOnline Books
653 _aLinear programming
_aProgramming (Mathematics)
_aControl systems and optimization
_aApplied probability and stochastic networks
856 _uhttp://dx.doi.org/10.1017/CBO9780511975837
942 _cEB
999 _c82736
_d82735